The electronics companion : (Record no. 19511)
[ view plain ]
| 000 -LEADER | |
|---|---|
| fixed length control field | 01167nam a22002535a 4500 |
| 001 - CONTROL NUMBER | |
| control field | 18456980 |
| 005 - DATE AND TIME OF LATEST TRANSACTION | |
| control field | 20151011141936.0 |
| 008 - FIXED-LENGTH DATA ELEMENTS--GENERAL INFORMATION | |
| fixed length control field | 150112t2015 flua fr 001 0 eng d |
| 020 ## - INTERNATIONAL STANDARD BOOK NUMBER | |
| International Standard Book Number | 9781466552661 (pbk. : alk. paper) |
| 040 ## - CATALOGING SOURCE | |
| Original cataloging agency | EG-ScBUE |
| Language of cataloging | eng |
| Transcribing agency | EG-ScBUE |
| 050 00 - LIBRARY OF CONGRESS CALL NUMBER | |
| Classification number | TK7825 |
| Item number | .F58 2015 |
| 082 04 - DEWEY DECIMAL CLASSIFICATION NUMBER | |
| Classification number | 621.381 |
| Edition number | 22 |
| Item number | FIS |
| 100 1# - MAIN ENTRY--PERSONAL NAME | |
| Personal name | Fischer-Cripps, Anthony C. |
| 9 (RLIN) | 38134 |
| 245 14 - TITLE STATEMENT | |
| Title | The electronics companion : |
| Remainder of title | devices and circuits for physicists and engineers / |
| Statement of responsibility, etc | Anthony C. Fischer-Cripps. |
| 250 ## - EDITION STATEMENT | |
| Edition statement | 2nd ed. |
| 260 ## - PUBLICATION, DISTRIBUTION, ETC. (IMPRINT) | |
| Place of publication, distribution, etc | Boca Raton : |
| Name of publisher, distributor, etc | CRC Press / Taylor & Francis Group, |
| Date of publication, distribution, etc | c.2015 |
| Manufacturer | (Acid-Free Paper) |
| 300 ## - PHYSICAL DESCRIPTION | |
| Extent | xv, 310 p. : |
| Other physical details | ill ; |
| Dimensions | 23 cm. |
| 500 ## - GENERAL NOTE | |
| General note | Index : p. 304-310. |
| 505 0# - FORMATTED CONTENTS NOTE | |
| Formatted contents note | Electricity -- DC circuits -- AC circuits -- Diodes -- Bipolar junction transistor -- Common emitter amplifier -- Input/output impedance -- Field effect transistor -- High frequency -- Power amplifiers -- Transients -- Digital electronics -- Operational amplifiers -- Transformers -- Power suppliers -- Instrumentation -- Laboratory. |
| 650 #7 - SUBJECT ADDED ENTRY--TOPICAL TERM | |
| Topical term or geographic name as entry element | Electronics. |
| Source of heading or term | BUEsh |
| 9 (RLIN) | 6509 |
| 651 ## - SUBJECT ADDED ENTRY--GEOGRAPHIC NAME | |
| Source of heading or term | BUEsh |
| 653 ## - INDEX TERM--UNCONTROLLED | |
| Resource For college | Engineering, Electrical |
| Arrived date list | June2015 |
| -- | October2015 |
| 942 ## - ADDED ENTRY ELEMENTS (KOHA) | |
| Source of classification or shelving scheme | Dewey Decimal Classification |
| Withdrawn status | Lost status | Source of classification or shelving scheme | Damaged status | Not for loan | Koha collection | Home library | Current library | Shelving location | Date acquired | Source of acquisition | Total Checkouts | Total Renewals | Full call number | Barcode | Date last seen | Date last borrowed | Koha item type |
|---|---|---|---|---|---|---|---|---|---|---|---|---|---|---|---|---|---|
| Dewey Decimal Classification | Baccah | Central Library | Central Library | First floor | 09/06/2015 | Purchase | 2 | 5 | 621.381 ANT | 000038432 | 15/07/2025 | 08/11/2022 | Book - Borrowing |